000 00825nam a2200253 a 4500
001 25762
003 CO-ViMGA
008 141112s2004 ck r 000 u spa d
020 _a9789583802096
040 _aCO-ViMGA
_bspa
_cCO-ViMGA
041 _aSPA
090 _aC MAN3
100 1 _aMansour Manzur, Vivian
_939813
245 1 0 _aLibros Imposibles /
_cVivian Mansour ; ilustraciones Alejandro Magallanes : imágenes y diseños
250 _a1a. ed., 1a reimpr.
260 _aBogotá :
_bAlmadía,
_c2013
300 _a48 p. : il. col.
500 _aIncluye bibliografía. Textos literarios citados
650 1 4 _aAUTORES MEXICANOS
_939814
650 1 4 _aCUENTOS MEXICANOS - SIGLO XXI
_939815
650 1 4 _aLITERATURA MEXICANA - SIGLO XXI
_939816
700 1 _aMagallanes, Alejandro, 1971 -
_939817
942 _2ddc
_cBK
999 _c5328
_d5328